| 000 | 00398nam a2200157Ia 4500 | ||
|---|---|---|---|
| 008 | 180424s9999 xx 000 0 und d | ||
| 040 | _aPK-NaQUE | ||
| 100 | _a09ME59 | ||
| 100 | _aAllah Rakhio Golo | ||
| 245 | 0 | _aDevelopment of Thermo Setting Composite Material | |
| 260 | _aNawabshah | ||
| 260 | _bQUEST | ||
| 260 | _c2009 | ||
| 300 | _a65 | ||
| 700 | _aDepartment of Mechanical Engineering | ||
| 999 |
_c58543 _d58540 |
||